| 000 | 00524nam a2200181Ia 4500 | ||
|---|---|---|---|
| 999 |
_c37010 _d37010 |
||
| 003 | OSt | ||
| 005 | 20201221125421.0 | ||
| 008 | 190216s9999||||xx |||||||||||||| ||und|| | ||
| 020 | _a9788130915418 | ||
| 040 | _coclc | ||
| 082 |
_a510.3 _bTAN/V |
||
| 100 |
_a Tanton, James _93820 |
||
| 245 | 0 |
_aViva Facts On File Encyclopedia Of Mathematics / _cJames Tanton |
|
| 260 |
_bViva Book, _c2010. _aNew Delhi: |
||
| 300 | _a568p | ||
| 650 | _aMathematics | ||
| 942 |
_cREF _2ddc _h510.3 _iTAN/V _k510.3 _mTAN/V |
||